Estado, educación y pobreza: nuevas vinculaciones a partir de las políticas públicas focalizadas /
El tema central del trabajo gira alrededor de las llamadas políticas públicas focalizadas que comenzaron a emerger en Argentina como alternativa de acción frente a las grandes desigualdades sociales producidas por la aplicación de políticas neoliberales. En este artículo, el concepto de pobreza está...
Guardado en:
| Hovedforfatter: | |
|---|---|
| Format: | Texto |
| Fag: | |
| Tags: |
Tilføj Tag
Ingen Tags, Vær først til at tagge denne postø!
|
MARC
| LEADER | 00000 a a2200000 04500 | ||
|---|---|---|---|
| 001 | 14566 | ||
| 003 | |||
| 040 | |||
| 100 | |a Godino Morales, Carmen Belén | ||
| 245 | |a Estado, educación y pobreza: |b nuevas vinculaciones a partir de las políticas públicas focalizadas / |c Carmen Belén Godino Morales | ||
| 520 | |a El tema central del trabajo gira alrededor de las llamadas políticas públicas focalizadas que comenzaron a emerger en Argentina como alternativa de acción frente a las grandes desigualdades sociales producidas por la aplicación de políticas neoliberales. En este artículo, el concepto de pobreza está implícito en una gran parte de esas políticas públicas | ||
| 590 | |a RRH/062010 | ||
| 650 | |a 1.POBREZA |a 1.ESTADO | ||
| 650 | |a 2.EDUCACION | ||
| 650 | |a 3.POLITICAS PUBLICAS | ||
| 650 | |a 4.POLITICA GUBERNAMENTAL | ||
| 650 | |a 5.NEOLIBERALISMO | ||
| 650 | |a 6.ARGENTINA | ||
| 773 | |g número 115; páginas 35-42 | ||
| 999 | |c 26764 |d 26764 | ||
| 773 | 0 | |0 18728 |9 3028 |a Universidad de Costa Rica |d San José, Costa Rica Editorial UCR 1956- |o 06316 |t Revista de Ciencias Sociales/ |x 04825276 | |
